00557 2200181 4500001002100000005001500021035002000036007000300056008003900059082000800098084001400106100001900120245010600139260003700245300004400282650003500326022001400361INLIS00000000000202320250814011758 a0010-0825000299ta250814 | | |  a332 a332 BAN s0 aBank Indonesia1 aStatistik Ekonomi Keuangan Daerah Provinsi Kalimantan Utara Vol. 8 No. 3 Maret 2024 /cBank Indonesia aTarakan :bBank Indonesia,c2024 aix; 138 Halaman :bteks; tabel ;c29 cm 4aEkonomi Keuangan dan Finansial a2598-8972